000 01457nam a22003137a 4500
005 2011080208198.0
008 110802t xxu||||| |||| 00| 0 eng d
010 _aENG-103186
020 _a9780071332743
_c595.00
020 _a007133274x
_c595.00
035 _aEN-86719
037 _bDBAD / PUB
040 _adpl
_bEnglish
082 _a305.23
100 _aSantrock, John W.
_929868
245 _aAdolescence /
_cby John W. Santrock
250 _a12th ed
260 _aNew Delhi
_bTata McGraw Hill
_c2011
270 _a7, West Patel Nagar
_bNew Delhi
_e110002
300 _avarious pagings :
_c28cm (pbk)
_bill.
500 _aIncludes bibliographical references and indexes
505 _aIntroduction -- Appendix: Careers in adolescent development -- Puberty, health, and biological foundations -- The brain and cognitive development -- The self, identity, emotion, and personality -- Gender -- Sexuality -- Moral development, values, and religion -- Families -- Peers, romantic relationships, and lifestyles -- Schools -- Achievement, work, and careers -- Culture -- Problems in adolescence and emerging adulthood.
650 _929869
_aAdolescence
650 _aAdolescent psychology
_930762
651 _91549
700 _929871
942 _2ddc
_cEN
_h305.23
_mSAN
999 _c54664
_d54664